Red Logos Quiz Stats

 Plays Quiz Updated Oct 1, 2018

Also try: The Logo Rainbow
Challenge
Share
Tweet
Score 0/16 Timer 05:00
7 Plays Today
% Correct
Red Cross
94.1%
Target
92%
Texaco
82.1%
Mitsubishi
80.7%
RadioShack
61%
Adobe
60.6%
Swiss International Airlines
58.9%
Delta Air Lines
52.6%
% Correct
Marlboro
51.4%
Marriott
48.6%
Air Canada
48.4%
Safeway
47.5%
Qantas
43.1%
HSBC
40.9%
Travelers
40.6%
Xerox
38.2%

You're not logged in!

Compare scores with friends on all Sporcle quizzes.
Join for Free
OR
Log In

You Might Also Like...

Show Comments

Extras

Top Quizzes Today


Score Distribution

Your Account Isn't Verified!

In order to create a playlist on Sporcle, you need to verify the email address you used during registration. Go to your Sporcle Settings to finish the process.

Report this User

Report this user for behavior that violates our Community Guidelines.

Details: